SPACE (Record no. 6430)
[ view plain ]
| 000 -LEADER | |
|---|---|
| fixed length control field | 00183nam a22000977a 4500 |
| 020 ## - INTERNATIONAL STANDARD BOOK NUMBER | |
| ISBN | 0-431-13248-8 |
| 082 ## - DEWEY DECIMAL CLASSIFICATION NUMBER | |
| Classification number | 001 |
| Item number | WIL/S |
| 100 ## - MAIN ENTRY--AUTHOR NAME | |
| Personal name | WILLIAMS, BRAIN |
| 245 ## - TITLE STATEMENT | |
| Title | SPACE |
| 942 ## - ADDED ENTRY ELEMENTS (KOHA) | |
| Koha item type | Books |
| Withdrawn status | Lost status | Collection code | Home library | Current library | Shelving location | Date acquired | Source of acquisition | Full call number | Accession Number | Koha item type |
|---|---|---|---|---|---|---|---|---|---|---|
| Fiction | Main Library | Main Library | SHELF-17E-SCIENCE RELATED BOOKS | 31/03/2006 | PURCHASE | 001 WIL/S | 01864 | Books |